[Event "DVM U14 2022"]
[Site "Kelheim GER"]
[Date "2022.12.27"]
[Round "1"]
[White "Zhang, Yibo"]
[Black "Bräutigam, Katerina"]
[Result "1-0"]
[Termination "normal"]
[Board "1.1"]
[WhiteElo "1537"]
[BlackElo "1874"]
[WhiteClock "00:15:42"]
[BlackClock "00:00:37"]
[WhiteTeam "SV Stuttgart-Wolfbusch 1956 e.V."]
[BlackTeam "SK Doppelbauer Kiel"]
[PlyCount "69"]
[WhiteFideId "16287657"]
[BlackFideId "16242980"]
[EventCountry "GER"]
[EventRounds "7"]
[EventType "team-swiss"]
[EventDate "2022.12.26"]

1. e4 {[%clk 01:30:54]} {[%emt 00:00:05]} c6 {[%clk 01:30:56]} {[%emt
00:00:05]} 2. d4 {[%clk 01:31:19]} {[%emt 00:00:05]} d5 {[%clk 01:31:22]}
{[%emt 00:00:05]} 3. exd5 {[%clk 01:31:42]} {[%emt 00:00:07]} cxd5 {[%clk
01:31:47]} {[%emt 00:00:05]} 4. Bd3 {[%clk 01:31:59]} {[%emt 00:00:13]} Nc6
{[%clk 01:32:12]} {[%emt 00:00:05]} 5. c3 {[%clk 01:32:22]} {[%emt 00:00:07]}
Nf6 {[%clk 01:32:30]} {[%emt 00:00:11]} 6. h3 {[%clk 01:32:46]} {[%emt
00:00:05]} g6 {[%clk 01:32:36]} {[%emt 00:00:25]} 7. Bf4 {[%clk 01:33:08]}
{[%emt 00:00:08]} Bg7 {[%clk 01:32:44]} {[%emt 00:00:22]} 8. Nf3 {[%clk
01:33:20]} {[%emt 00:00:19]} O-O {[%clk 01:32:41]} {[%emt 00:00:32]} 9. O-O
{[%clk 01:33:40]} {[%emt 00:00:10]} Bf5 {[%clk 01:32:43]} {[%emt 00:00:28]} 10.
Be2 {[%clk 01:33:56]} {[%emt 00:00:14]} Ne4 {[%clk 01:31:00]} {[%emt 00:02:13]}
11. Nbd2 {[%clk 01:34:15]} {[%emt 00:00:11]} Nxd2 {[%clk 01:30:01]} {[%emt
00:01:29]} 12. Qxd2 {[%clk 01:34:25]} {[%emt 00:00:21]} Re8 {[%clk 01:28:35]}
{[%emt 00:01:56]} 13. Rad1 {[%clk 01:33:23]} {[%emt 00:01:32]} Qb6 {[%clk
01:24:53]} {[%emt 00:04:12]} 14. Rfe1 {[%clk 01:25:20]} {[%emt 00:08:32]} Rad8
{[%clk 01:18:04]} {[%emt 00:07:19]} 15. Bf1 {[%clk 01:23:25]} {[%emt 00:02:25]}
f6 {[%clk 00:39:08]} {[%emt 00:39:27]} 16. c4 {[%clk 01:14:21]} {[%emt
00:09:34]} e5 {[%clk 00:20:36]} {[%emt 00:19:01]} 17. cxd5 {[%clk 01:11:28]}
{[%emt 00:03:23]} exf4 {[%clk 00:20:38]} {[%emt 00:00:28]} 18. dxc6 {[%clk
01:09:40]} {[%emt 00:02:18]} bxc6 {[%clk 00:20:07]} {[%emt 00:01:01]} 19. Bc4
{[%clk 00:59:54]} {[%emt 00:10:17]} Kh8 {[%clk 00:20:14]} {[%emt 00:00:22]} 20.
Bf7 {[%clk 01:00:08]} {[%emt 00:00:17]} Rxe1 {[%clk 00:13:22]} {[%emt
00:07:21]} 21. Rxe1 {[%clk 00:59:52]} {[%emt 00:00:46]} Qc7 {[%clk 00:12:24]}
{[%emt 00:01:28]} 22. Bb3 {[%clk 00:59:06]} {[%emt 00:01:16]} Bc8 {[%clk
00:06:05]} {[%emt 00:06:50]} 23. Qb4 {[%clk 00:55:46]} {[%emt 00:03:49]} Bf8
{[%clk 00:05:13]} {[%emt 00:01:21]} 24. Qc4 {[%clk 00:55:16]} {[%emt 00:01:01]}
Bd6 {[%clk 00:03:57]} {[%emt 00:01:46]} 25. a3 {[%clk 00:42:46]} {[%emt
00:13:00]} Kg7 {[%clk 00:02:47]} {[%emt 00:01:39]} 26. d5 {[%clk 00:40:46]}
{[%emt 00:02:31]} c5 {[%clk 00:01:34]} {[%emt 00:01:43]} 27. Nd4 {[%clk
00:37:48]} {[%emt 00:03:28]} Qa5 {[%clk 00:01:02]} {[%emt 00:01:02]} 28. Ne6
{[%clk 00:37:59]} {[%emt 00:00:19]} Kg8 {[%clk 00:01:22]} {[%emt 00:00:11]} 29.
Rc1 {[%clk 00:26:10]} {[%emt 00:12:19]} Ba6 {[%clk 00:01:19]} {[%emt 00:00:32]}
30. Qa4 {[%clk 00:18:52]} {[%emt 00:07:49]} Qd2 {[%clk 00:00:34]} {[%emt
00:01:15]} 31. Rd1 {[%clk 00:18:19]} {[%emt 00:01:03]} Qe2 {[%clk 00:00:36]}
{[%emt 00:00:27]} 32. Nxd8 {[%clk 00:18:16]} {[%emt 00:00:33]} f3 {[%clk
00:00:37]} {[%emt 00:00:30]} 33. Ne6 {[%clk 00:18:01]} {[%emt 00:00:45]} Bb5
{[%clk 00:00:49]} {[%emt 00:00:18]} 34. Qxa7 {[%clk 00:15:38]} {[%emt
00:02:53]} Bf8 {[%clk 00:00:37]} {[%emt 00:00:41]} 35. Qb8 {[%clk 00:15:42]}
{[%emt 00:00:27]} 1-0

[Event "DVM U14 2022"]
[Site "Kelheim GER"]
[Date "2022.12.27"]
[Round "1"]
[White "Bräutigam, Alexander"]
[Black "Marinin, Georgii"]
[Result "1-0"]
[Termination "normal"]
[Board "1.2"]
[WhiteElo "1941"]
[BlackElo "1425"]
[WhiteClock "01:28:21"]
[BlackClock "00:30:06"]
[WhiteTeam "SK Doppelbauer Kiel"]
[BlackTeam "SV Stuttgart-Wolfbusch 1956 e.V."]
[PlyCount "95"]
[WhiteFideId "16245210"]
[BlackFideId "34617140"]
[EventCountry "GER"]
[EventRounds "7"]
[EventType "team-swiss"]
[EventDate "2022.12.26"]

1. d4 {[%clk 01:30:57]} {[%emt 00:00:02]} d5 {[%clk 01:30:54]} {[%emt
00:00:06]} 2. c4 {[%clk 01:31:23]} {[%emt 00:00:05]} c6 {[%clk 01:31:20]}
{[%emt 00:00:04]} 3. Nc3 {[%clk 01:31:48]} {[%emt 00:00:04]} Nf6 {[%clk
01:31:44]} {[%emt 00:00:06]} 4. cxd5 {[%clk 01:32:12]} {[%emt 00:00:06]} cxd5
{[%clk 01:32:09]} {[%emt 00:00:06]} 5. Nf3 {[%clk 01:32:25]} {[%emt 00:00:15]}
Nc6 {[%emt 00:00:11]} 6. Bf4 {[%clk 01:29:53]} {[%emt 00:03:00]} Bf5 {[%clk
01:30:45]} {[%emt 00:02:17]} 7. Qb3 {[%clk 01:29:00]} {[%emt 00:01:21]} Na5
{[%clk 01:30:13]} {[%emt 00:01:03]} 8. Qa4 {[%clk 01:25:51]} {[%emt 00:03:39]}
Bd7 {[%clk 01:30:28]} {[%emt 00:00:15]} 9. Qd1 {[%clk 01:24:07]} {[%emt
00:02:13]} e6 {[%clk 01:30:32]} {[%emt 00:00:26]} 10. e3 {[%clk 01:24:06]}
{[%emt 00:00:33]} Be7 {[%clk 01:30:54]} {[%emt 00:00:08]} 11. Bd3 {[%clk
01:23:42]} {[%emt 00:00:54]} O-O {[%clk 01:31:13]} {[%emt 00:00:11]} 12. O-O
{[%clk 01:24:06]} {[%emt 00:00:06]} Rc8 {[%clk 01:27:52]} {[%emt 00:03:51]} 13.
Qe2 {[%clk 01:18:27]} {[%emt 00:06:08]} a6 {[%clk 01:25:38]} {[%emt 00:02:45]}
14. Rfc1 {[%clk 01:10:25]} {[%emt 00:08:31]} b5 {[%clk 01:22:22]} {[%emt
00:03:46]} 15. Ne5 {[%clk 01:09:23]} {[%emt 00:01:32]} Nc4 {[%clk 01:19:53]}
{[%emt 00:03:00]} 16. b3 {[%clk 01:09:28]} {[%emt 00:00:24]} Na5 {[%clk
01:02:42]} {[%emt 00:17:41]} 17. Qb2 {[%clk 01:08:33]} {[%emt 00:01:25]} Nh5
{[%clk 00:55:10]} {[%emt 00:08:02]} 18. Ne2 {[%clk 01:07:07]} {[%emt 00:01:56]}
Nxf4 {[%clk 00:48:41]} {[%emt 00:06:59]} 19. Nxf4 {[%clk 01:07:13]} {[%emt
00:00:23]} Nc6 {[%clk 00:41:56]} {[%emt 00:07:17]} 20. Nxc6 {[%clk 01:05:31]}
{[%emt 00:02:12]} Bxc6 {[%clk 00:39:17]} {[%emt 00:03:09]} 21. a4 {[%clk
01:05:21]} {[%emt 00:00:40]} Qb6 {[%clk 00:36:57]} {[%emt 00:02:49]} 22. a5
{[%clk 01:03:23]} {[%emt 00:02:28]} Qd8 {[%clk 00:35:15]} {[%emt 00:02:13]} 23.
Be2 {[%clk 01:01:53]} {[%emt 00:01:59]} Bd6 {[%clk 00:31:52]} {[%emt 00:03:53]}
24. Nd3 {[%clk 01:01:48]} {[%emt 00:00:35]} Qe7 {[%clk 00:30:04]} {[%emt
00:02:18]} 25. Nc5 {[%clk 01:01:33]} {[%emt 00:00:46]} Bxc5 {[%clk 00:30:04]}
{[%emt 00:00:30]} 26. Rxc5 {[%clk 01:01:36]} {[%emt 00:00:27]} Bb7 {[%clk
00:29:53]} {[%emt 00:00:41]} 27. Rac1 {[%clk 01:01:36]} {[%emt 00:00:29]} Rxc5
{[%clk 00:28:39]} {[%emt 00:01:44]} 28. Rxc5 {[%clk 01:01:27]} {[%emt
00:00:39]} Rc8 {[%clk 00:28:57]} {[%emt 00:00:12]} 29. Rxc8 {[%clk 01:01:48]}
{[%emt 00:00:09]} Bxc8 {[%clk 00:29:14]} {[%emt 00:00:13]} 30. Qc3 {[%clk
01:02:10]} {[%emt 00:00:07]} Bb7 {[%clk 00:27:52]} {[%emt 00:01:54]} 31. b4
{[%clk 01:02:20]} {[%emt 00:00:20]} Qd6 {[%clk 00:27:23]} {[%emt 00:00:58]} 32.
g3 {[%clk 01:01:44]} {[%emt 00:01:06]} Qc6 {[%clk 00:25:17]} {[%emt 00:02:36]}
33. Qc5 {[%clk 01:02:01]} {[%emt 00:00:13]} Qxc5 {[%clk 00:20:46]} {[%emt
00:05:01]} 34. bxc5 {[%clk 01:00:27]} {[%emt 00:02:04]} g6 {[%clk 00:18:30]}
{[%emt 00:02:47]} 35. Kf1 {[%clk 01:00:14]} {[%emt 00:00:43]} Kg7 {[%clk
00:18:05]} {[%emt 00:00:55]} 36. g4 {[%clk 01:00:28]} {[%emt 00:00:15]} Kf6
{[%clk 00:15:49]} {[%emt 00:02:46]} 37. f4 {[%clk 01:00:27]} {[%emt 00:00:30]}
h6 {[%clk 00:14:00]} {[%emt 00:02:20]} 38. h4 {[%clk 00:59:51]} {[%emt
00:01:05]} Ke7 {[%clk 00:12:12]} {[%emt 00:02:20]} 39. h5 {[%clk 00:59:03]}
{[%emt 00:01:18]} Kf6 {[%clk 00:06:24]} {[%emt 00:06:17]} 40. g5 {[%clk
00:58:18]} {[%emt 00:01:15]} Kg7 {[%clk 00:06:29]} {[%emt 00:00:26]} 41. Kf2
{[%clk 00:57:56]} {[%emt 00:00:51]} hxg5 {[%clk 00:02:48]} {[%emt 00:04:11]}
42. fxg5 {[%clk 00:57:44]} {[%emt 00:00:41]} gxh5 {[%clk 00:03:13]} {[%emt
00:00:06]} 43. Bxh5 {[%clk 00:58:08]} {[%emt 00:00:06]} f6 {[%clk 00:01:08]}
{[%emt 00:02:35]} 44. Be8 {[%clk 00:57:37]} {[%emt 00:01:02]} Kf8 {[%clk
00:29:40]} {[%emt 00:01:58]} 45. c6 {[%clk 01:27:17]} {[%emt 00:00:49]} Bc8
{[%clk 00:30:00]} {[%emt 00:00:10]} 46. Bd7 {[%clk 01:27:38]} {[%emt 00:00:08]}
Bxd7 {[%clk 00:29:56]} {[%emt 00:00:36]} 47. cxd7 {[%clk 01:28:00]} {[%emt
00:00:08]} Ke7 {[%clk 00:30:06]} {[%emt 00:00:20]} 48. g6 {[%clk 01:28:21]}
{[%emt 00:00:09]} 1-0

[Event "DVM U14 2022"]
[Site "Kelheim GER"]
[Date "2022.12.27"]
[Round "1"]
[White "Friedrich, Timofej"]
[Black "Vollbehr, Bjarne"]
[Result "0-1"]
[Termination "normal"]
[Board "1.3"]
[WhiteElo "1461"]
[BlackElo "1791"]
[WhiteClock "00:09:03"]
[BlackClock "00:57:42"]
[WhiteTeam "SV Stuttgart-Wolfbusch 1956 e.V."]
[BlackTeam "SK Doppelbauer Kiel"]
[PlyCount "52"]
[WhiteFideId "34617191"]
[BlackFideId "34606025"]
[EventCountry "GER"]
[EventRounds "7"]
[EventType "team-swiss"]
[EventDate "2022.12.26"]

1. e4 {[%clk 01:30:55]} {[%emt 00:00:05]} e5 {[%clk 01:30:54]} {[%emt
00:00:06]} 2. Nf3 {[%clk 01:31:20]} {[%emt 00:00:06]} Nc6 {[%clk 01:31:19]}
{[%emt 00:00:05]} 3. Bc4 {[%clk 01:31:40]} {[%emt 00:00:10]} Bc5 {[%clk
01:31:07]} {[%emt 00:00:41]} 4. d3 {[%clk 01:31:37]} {[%emt 00:00:33]} Nf6
{[%clk 01:31:20]} {[%emt 00:00:18]} 5. Bg5 {[%clk 01:30:57]} {[%emt 00:01:11]}
h6 {[%clk 01:30:24]} {[%emt 00:01:25]} 6. Bh4 {[%clk 01:31:06]} {[%emt
00:00:21]} g5 {[%clk 01:28:44]} {[%emt 00:02:10]} 7. Bg3 {[%clk 01:30:51]}
{[%emt 00:00:44]} d6 {[%clk 01:25:31]} {[%emt 00:03:43]} 8. c3 {[%clk
01:30:02]} {[%emt 00:01:19]} a5 {[%clk 01:22:41]} {[%emt 00:03:20]} 9. Nbd2
{[%clk 01:28:25]} {[%emt 00:02:08]} Bb6 {[%clk 01:19:27]} {[%emt 00:03:44]} 10.
a4 {[%clk 01:26:32]} {[%emt 00:02:22]} Ne7 {[%clk 01:16:09]} {[%emt 00:03:49]}
11. Qb3 {[%clk 01:22:54]} {[%emt 00:04:08]} O-O {[%clk 01:15:04]} {[%emt
00:01:34]} 12. O-O-O {[%clk 01:15:27]} {[%emt 00:07:58]} Ng6 {[%clk 01:14:09]}
{[%emt 00:01:24]} 13. d4 {[%clk 01:10:02]} {[%emt 00:05:55]} Qe7 {[%clk
01:09:50]} {[%emt 00:04:49]} 14. dxe5 {[%clk 01:03:22]} {[%emt 00:07:10]} dxe5
{[%clk 01:09:54]} {[%emt 00:00:26]} 15. Bd3 {[%clk 01:02:26]} {[%emt 00:01:27]}
Nf4 {[%clk 01:07:22]} {[%emt 00:03:02]} 16. Bxf4 {[%clk 01:01:51]} {[%emt
00:01:05]} exf4 {[%clk 01:06:51]} {[%emt 00:01:00]} 17. e5 {[%clk 01:02:01]}
{[%emt 00:00:20]} Ng4 {[%clk 01:06:22]} {[%emt 00:00:59]} 18. Ne4 {[%clk
00:47:49]} {[%emt 00:14:42]} Bxf2 {[%clk 01:04:23]} {[%emt 00:02:30]} 19. Bc4
{[%clk 00:37:26]} {[%emt 00:10:52]} Be3 {[%clk 01:03:18]} {[%emt 00:01:34]} 20.
Kb1 {[%clk 00:37:27]} {[%emt 00:00:29]} Nxe5 {[%clk 01:03:15]} {[%emt
00:00:33]} 21. Nxe5 {[%clk 00:20:11]} {[%emt 00:17:47]} Qxe5 {[%clk 01:03:28]}
{[%emt 00:00:17]} 22. Qc2 {[%clk 00:14:35]} {[%emt 00:06:05]} Bf5 {[%clk
01:02:14]} {[%emt 00:01:45]} 23. Rd5 {[%clk 00:11:56]} {[%emt 00:03:10]} Qxe4
{[%clk 00:58:15]} {[%emt 00:04:28]} 24. Rxf5 {[%clk 00:11:23]} {[%emt
00:01:04]} Qxc4 {[%clk 00:58:12]} {[%emt 00:00:32]} 25. Rf6 {[%clk 00:09:05]}
{[%emt 00:02:48]} Kg7 {[%clk 00:58:08]} {[%emt 00:00:34]} 26. Qf5 {[%clk
00:09:03]} {[%emt 00:00:32]} Rad8 {[%clk 00:57:42]} {[%emt 00:00:56]} 0-1

[Event "DVM U14 2022"]
[Site "Kelheim GER"]
[Date "2022.12.27"]
[Round "1"]
[White "Li, Luxuan"]
[Black "Schimann, Kirill"]
[Result "1/2-1/2"]
[Termination "normal"]
[Board "1.4"]
[WhiteElo "1380"]
[BlackElo "1363"]
[WhiteClock "00:13:47"]
[BlackClock "00:27:03"]
[WhiteTeam "SK Doppelbauer Kiel"]
[BlackTeam "SV Stuttgart-Wolfbusch 1956 e.V."]
[PlyCount "99"]
[WhiteFideId "34617507"]
[BlackFideId "16296338"]
[EventCountry "GER"]
[EventRounds "7"]
[EventType "team-swiss"]
[EventDate "2022.12.26"]

1. e4 {[%clk 01:30:47]} {[%emt 00:00:13]} c6 {[%clk 01:30:55]} {[%emt
00:00:05]} 2. d4 {[%clk 01:31:08]} {[%emt 00:00:09]} d5 {[%clk 01:31:18]}
{[%emt 00:00:07]} 3. e5 {[%clk 01:31:30]} {[%emt 00:00:08]} Bf5 {[%clk
01:31:41]} {[%emt 00:00:07]} 4. Nf3 {[%clk 01:31:31]} {[%emt 00:00:29]} e6
{[%clk 01:31:46]} {[%emt 00:00:25]} 5. Be2 {[%clk 01:31:45]} {[%emt 00:00:16]}
c5 {[%clk 01:31:44]} {[%emt 00:00:32]} 6. O-O {[%clk 01:24:54]} {[%emt
00:07:20]} Nc6 {[%clk 01:30:58]} {[%emt 00:01:16]} 7. c3 {[%clk 01:20:24]}
{[%emt 00:05:01]} cxd4 {[%clk 01:28:25]} {[%emt 00:03:02]} 8. Nxd4 {[%clk
01:15:39]} {[%emt 00:05:15]} Nxe5 {[%clk 01:19:06]} {[%emt 00:09:49]} 9. Bb5
{[%clk 01:07:55]} {[%emt 00:08:14]} Nd7 {[%clk 01:18:09]} {[%emt 00:01:26]} 10.
Nxf5 {[%clk 01:04:21]} {[%emt 00:04:05]} exf5 {[%clk 01:16:32]} {[%emt
00:02:08]} 11. Qxd5 {[%clk 00:57:22]} {[%emt 00:07:29]} Ngf6 {[%clk 01:03:42]}
{[%emt 00:13:20]} 12. Qxf5 {[%clk 00:52:04]} {[%emt 00:05:48]} Be7 {[%clk
01:01:17]} {[%emt 00:02:55]} 13. Rd1 {[%clk 00:48:05]} {[%emt 00:04:29]} a6
{[%clk 00:58:03]} {[%emt 00:03:44]} 14. Bxd7 {[%clk 00:46:17]} {[%emt
00:02:18]} Nxd7 {[%clk 00:58:19]} {[%emt 00:00:14]} 15. Be3 {[%clk 00:44:36]}
{[%emt 00:02:11]} Qc7 {[%clk 00:57:14]} {[%emt 00:01:30]} 16. Nd2 {[%clk
00:43:23]} {[%emt 00:01:47]} O-O {[%clk 00:53:32]} {[%emt 00:04:12]} 17. Bf4
{[%clk 00:40:05]} {[%emt 00:03:48]} Qc6 {[%clk 00:50:46]} {[%emt 00:03:12]} 18.
Nb3 {[%clk 00:37:54]} {[%emt 00:02:46]} Nf6 {[%clk 00:48:36]} {[%emt 00:02:39]}
19. Re1 {[%clk 00:35:43]} {[%emt 00:02:42]} Bd6 {[%clk 00:47:11]} {[%emt
00:01:55]} 20. Bxd6 {[%clk 00:34:54]} {[%emt 00:01:19]} Qxd6 {[%clk 00:46:38]}
{[%emt 00:01:02]} 21. Rad1 {[%clk 00:34:37]} {[%emt 00:00:48]} Qb6 {[%clk
00:45:51]} {[%emt 00:01:15]} 22. Qc5 {[%clk 00:33:18]} {[%emt 00:01:51]} Qa7
{[%clk 00:39:07]} {[%emt 00:07:12]} 23. Qxa7 {[%clk 00:32:43]} {[%emt
00:01:07]} Rxa7 {[%clk 00:39:27]} {[%emt 00:00:10]} 24. Re7 {[%clk 00:32:08]}
{[%emt 00:01:04]} Rb8 {[%clk 00:38:20]} {[%emt 00:01:38]} 25. Nc5 {[%clk
00:30:18]} {[%emt 00:02:20]} Kf8 {[%clk 00:34:38]} {[%emt 00:04:12]} 26. Rde1
{[%clk 00:28:31]} {[%emt 00:02:18]} h6 {[%clk 00:33:36]} {[%emt 00:01:31]} 27.
Nd7 {[%clk 00:27:23]} {[%emt 00:01:37]} Nxd7 {[%clk 00:33:55]} {[%emt
00:00:12]} 28. Rxd7 {[%clk 00:27:43]} {[%emt 00:00:10]} Re8 {[%clk 00:33:57]}
{[%emt 00:00:28]} 29. Kf1 {[%clk 00:27:08]} {[%emt 00:01:05]} Rxe1 {[%clk
00:34:14]} {[%emt 00:00:12]} 30. Kxe1 {[%clk 00:27:30]} {[%emt 00:00:09]} Ke8
{[%clk 00:34:17]} {[%emt 00:00:27]} 31. Rc7 {[%clk 00:27:12]} {[%emt 00:00:48]}
a5 {[%clk 00:34:19]} {[%emt 00:00:28]} 32. Kd2 {[%clk 00:26:45]} {[%emt
00:00:57]} Kf8 {[%clk 00:30:27]} {[%emt 00:04:19]} 33. c4 {[%clk 00:24:25]}
{[%emt 00:02:53]} g6 {[%clk 00:29:38]} {[%emt 00:01:17]} 34. c5 {[%clk
00:24:01]} {[%emt 00:00:55]} Ra6 {[%clk 00:29:42]} {[%emt 00:00:27]} 35. Rxb7
{[%clk 00:23:38]} {[%emt 00:00:53]} Rc6 {[%clk 00:29:45]} {[%emt 00:00:24]} 36.
Rb5 {[%clk 00:23:27]} {[%emt 00:00:43]} a4 {[%clk 00:30:04]} {[%emt 00:00:11]}
37. Kd3 {[%clk 00:22:39]} {[%emt 00:01:18]} Ke7 {[%clk 00:30:19]} {[%emt
00:00:15]} 38. Kd4 {[%clk 00:22:02]} {[%emt 00:01:08]} Re6 {[%clk 00:29:12]}
{[%emt 00:01:37]} 39. Rb7 {[%clk 00:21:27]} {[%emt 00:01:05]} Ke8 {[%clk
00:27:22]} {[%emt 00:02:20]} 40. Kd3 {[%clk 00:20:28]} {[%emt 00:01:29]} Rc6
{[%clk 00:27:15]} {[%emt 00:00:36]} 41. Kd4 {[%clk 00:18:53]} {[%emt 00:02:06]}
Re6 {[%clk 00:26:09]} {[%emt 00:01:36]} 42. Rb8 {[%clk 00:17:54]} {[%emt
00:01:29]} Kd7 {[%clk 00:25:52]} {[%emt 00:00:46]} 43. Kd5 {[%clk 00:17:07]}
{[%emt 00:01:17]} Re2 {[%clk 00:25:47]} {[%emt 00:00:35]} 44. c6 {[%clk
00:16:40]} {[%emt 00:00:58]} Kc7 {[%clk 00:26:02]} {[%emt 00:00:14]} 45. Rb7
{[%clk 00:16:55]} {[%emt 00:00:16]} Kc8 {[%clk 00:26:21]} {[%emt 00:00:10]} 46.
Rxf7 {[%clk 00:15:21]} {[%emt 00:02:05]} Rxb2 {[%clk 00:26:36]} {[%emt
00:00:15]} 47. Kd6 {[%clk 00:15:01]} {[%emt 00:00:50]} Rd2 {[%clk 00:26:58]}
{[%emt 00:00:07]} 48. Kc5 {[%clk 00:14:39]} {[%emt 00:00:53]} Rxa2 {[%clk
00:27:07]} {[%emt 00:00:20]} 49. Kb4 {[%clk 00:14:26]} {[%emt 00:00:44]} Rc2
{[%clk 00:27:03]} {[%emt 00:00:32]} 50. Kxa4 {[%clk 00:13:47]} {[%emt
00:01:11]} 1/2-1/2

[Event "DVM U14 2022"]
[Site "Kelheim GER"]
[Date "2022.12.27"]
[Round "1"]
[White "Haubold, Sebastian"]
[Black "Möller, Maurin"]
[Result "0-1"]
[Termination "normal"]
[Board "2.1"]
[WhiteElo "1998"]
[BlackElo "1998"]
[WhiteClock "00:07:49"]
[BlackClock "00:27:44"]
[WhiteTeam "SG Einheit Staßfurt"]
[BlackTeam "SK Blauer Springer Paderborn 1926 e. V."]
[PlyCount "50"]
[WhiteFideId "16259637"]
[BlackFideId "16265696"]
[EventCountry "GER"]
[EventRounds "7"]
[EventType "team-swiss"]
[EventDate "2022.12.26"]

1. e4 {[%clk 01:30:56]} {[%emt 00:00:03]} c5 {[%clk 01:30:52]} {[%emt
00:00:08]} 2. Nc3 {[%clk 01:30:28]} {[%emt 00:00:59]} e6 {[%clk 01:31:07]}
{[%emt 00:00:14]} 3. Nf3 {[%clk 01:30:51]} {[%emt 00:00:08]} Nc6 {[%clk
01:30:10]} {[%emt 00:01:26]} 4. d4 {[%clk 01:29:18]} {[%emt 00:02:02]} cxd4
{[%clk 01:30:33]} {[%emt 00:00:08]} 5. Nxd4 {[%clk 01:29:43]} {[%emt 00:00:05]}
Nf6 {[%clk 01:30:53]} {[%emt 00:00:10]} 6. Ndb5 {[%clk 01:29:18]} {[%emt
00:00:54]} Bb4 {[%clk 01:31:09]} {[%emt 00:00:15]} 7. a3 {[%clk 01:29:42]}
{[%emt 00:00:06]} Bxc3 {[%clk 01:31:34]} {[%emt 00:00:05]} 8. Nxc3 {[%clk
01:30:07]} {[%emt 00:00:04]} d5 {[%clk 01:31:51]} {[%emt 00:00:14]} 9. exd5
{[%clk 01:25:21]} {[%emt 00:05:16]} exd5 {[%clk 01:32:03]} {[%emt 00:00:18]}
10. Qe2 {[%clk 01:16:39]} {[%emt 00:09:12]} Be6 {[%clk 01:21:34]} {[%emt
00:10:58]} 11. Bg5 {[%clk 01:10:25]} {[%emt 00:06:45]} O-O {[%clk 01:11:06]}
{[%emt 00:10:58]} 12. O-O-O {[%clk 01:10:02]} {[%emt 00:00:53]} Re8 {[%clk
01:09:01]} {[%emt 00:02:35]} 13. Qd3 {[%clk 00:53:48]} {[%emt 00:16:43]} Rc8
{[%clk 01:04:25]} {[%emt 00:05:07]} 14. Qg3 {[%clk 00:45:23]} {[%emt 00:08:54]}
d4 {[%clk 00:43:04]} {[%emt 00:21:52]} 15. Qh4 {[%clk 00:41:02]} {[%emt
00:04:51]} Bf5 {[%clk 00:32:07]} {[%emt 00:11:28]} 16. Bb5 {[%clk 00:29:26]}
{[%emt 00:12:05]} Qb6 {[%clk 00:28:52]} {[%emt 00:03:45]} 17. Bxf6 {[%clk
00:19:26]} {[%emt 00:10:31]} dxc3 {[%clk 00:28:44]} {[%emt 00:00:37]} 18. Qg3
{[%clk 00:14:20]} {[%emt 00:05:36]} Bg6 {[%clk 00:28:28]} {[%emt 00:00:47]} 19.
Bxc3 {[%clk 00:07:50]} {[%emt 00:06:59]} Qxb5 {[%clk 00:28:48]} {[%emt
00:00:09]} 20. Rhe1 {[%clk 00:08:09]} {[%emt 00:00:12]} Re2 {[%clk 00:27:07]}
{[%emt 00:02:11]} 21. Rxe2 {[%clk 00:07:43]} {[%emt 00:00:56]} Qxe2 {[%clk
00:27:32]} {[%emt 00:00:05]} 22. Rd2 {[%clk 00:08:08]} {[%emt 00:00:05]} Nd4
{[%clk 00:26:50]} {[%emt 00:01:12]} 23. Qd6 {[%clk 00:07:17]} {[%emt 00:01:22]}
Nb3 {[%clk 00:26:54]} {[%emt 00:00:25]} 24. cxb3 {[%clk 00:07:27]} {[%emt
00:00:20]} Qe1 {[%clk 00:27:19]} {[%emt 00:00:05]} 25. Rd1 {[%clk 00:07:49]}
{[%emt 00:00:08]} Rxc3 {[%clk 00:27:44]} {[%emt 00:00:05]} 0-1